[Event "4th IECC"]
[Site "Istanbul TUR"]
[Date "2003.06.08"]
[Round "9"]
[White "Nataf,IA"]
[Black "Motylev,A"]
[Result "0-1"]
[WhiteElo "2559"]
[BlackElo "2634"]

1.e4 c6 2.d4 d5 3.f3 e6 4.Nc3 Bb4 5.Bf4 Ne7 6.Qd3 b6 7.Ne2 Ba6 8.Qe3 O-O
9.O-O-O c5 10.a3 Bxc3 11.Qxc3 Bxe2 12.Bxe2 c4 13.h4 Nbc6 14.h5 b5 15.h6 g6
16.g4 Nc8 17.Qe3 Nb6 18.Bg5 f6 19.Bh4 Qd7 20.Rhe1 b4 21.Bf1 Rae8 22.axb4 Nxb4
23.Qa3 Qd6 24.Kb1 Qh2 25.Qxb4 Qxh4 26.exd5 exd5 27.Re7 Qxh6 28.Rxa7 Re6 29.Rb7 Nc8
30.Qc5 Qg5 31.Rc1 Nd6 32.Rd7 Rc8 33.Qa7 Qh6 34.Bg2 Rce8 35.Qa5 c3 36.Qxd5 Kh8
37.g5 Qxg5 38.f4 Qxf4 39.Rh1 Re1+ 40.Ka2 Rxh1 41.Bxh1 Qc1 42.bxc3 Rb8 43.Rd8+ Rxd8
44.Qe6 Qxc2+ 45.Ka3 Qxc3+ 46.Ka2 Qc4+  0-1

[Event "4th IECC"]
[Site "Istanbul TUR"]
[Date "2003.06.11"]
[Round "11"]
[White "Sargissian,G"]
[Black "Motylev,A"]
[Result "1/2-1/2"]
[WhiteElo "2572"]
[BlackElo "2634"]

1.d4 d5 2.c4 c6 3.Nf3 Nf6 4.e3 a6 5.Qc2 g6 6.Nc3 b5 7.b3 Bf5 8.Bd3 Bxd3 9.Qxd3 Nbd7
10.O-O Bg7 11.Bd2 O-O 12.cxd5 cxd5 13.Ne2 Ne4 14.Rfc1 e5 15.Nc3 exd4 16.Nxd4 Ndc5
17.Qe2 Nxd2 18.Qxd2 Rc8 19.Nce2 Qh4 20.g3 Qf6 21.Nf4 Ne4 22.Qb4 Bh6 23.Qe1 Bxf4
24.gxf4 Nc5 25.Qd2 Ne6 26.Rxc8 Rxc8 27.Rd1 Nxd4 28.Qxd4 Qxd4 29.Rxd4 Rc2
30.a4 bxa4 31.Rxa4 Rc3 32.Rxa6 Rxb3 33.f5 gxf5 34.Rf6 Rb4 35.Rxf5 d4 36.exd4  1/2-1/2

[Event "56th ch-RUS"]
[Site "Krasnoyarsk RUS"]
[Date "2003.09.03"]
[Round "1"]
[White "Motylev,A"]
[Black "Chernyshov,K"]
[Result "1-0"]
[WhiteElo "2634"]
[BlackElo "2541"]

1.e4 g6 2.d4 Bg7 3.Nc3 a6 4.h4 d5 5.Nxd5 c6 6.Ne3 Qxd4 7.Qxd4 Bxd4 8.h5 Nd7
9.f4 Bg7 10.e5 Nb6 11.g4 Nh6 12.g5 Nf5 13.Bd3 Ng3 14.h6 Bf8 15.Rh2 Nd5 16.Kf2 Nf5
17.Nxf5 Bxf5 18.Bxf5 gxf5 19.e6 fxe6 20.Nf3 e5 21.Nxe5 e6 22.c4 Ne7 23.Be3 Rg8
24.Rd1 Ng6 25.Nxg6 Rxg6 26.Kf3 Rd8 27.Rxd8+ Kxd8 28.Rd2+ Kc7 29.Bd4 Be7 30.c5 a5
31.a3 Kc8 32.b4 a4 33.Be5 Bd8 34.Ke3 Be7 35.Rd4 Bd8 36.Kd3 Bc7 37.Bxc7 Kxc7
38.Rd6  1-0

[Event "56th ch-RUS"]
[Site "Krasnoyarsk RUS"]
[Date "2003.09.09"]
[Round "6"]
[White "Yakovich,Y"]
[Black "Motylev,A"]
[Result "1/2-1/2"]
[WhiteElo "2573"]
[BlackElo "2634"]

1.d4 Nf6 2.c4 e6 3.Nc3 Bb4 4.e3 O-O 5.Bd3 d5 6.Nf3 c5 7.O-O cxd4 8.exd4 dxc4
9.Bxc4 a6 10.a4 Nc6 11.Bg5 h6 12.Be3 b6 13.Qe2 Be7 14.Rad1 Nb4 15.Ne5 Bb7
16.f4 Nfd5 17.f5 Bg5 18.Bxg5 Qxg5 19.Bxd5 Nxd5 20.Nxd5 Bxd5 21.Nd7 Rfe8 22.f6 Bb3
23.Ra1 Rad8 24.Ra3 Rxd7 25.Rxb3 g6 26.Qxa6 Rxd4 27.Qxb6  1/2-1/2

[Event "56th ch-RUS"]
[Site "Krasnoyarsk RUS"]
[Date "2003.09.11"]
[Round "8"]
[White "Ivanov,Se1"]
[Black "Motylev,A"]
[Result "0-1"]
[WhiteElo "2556"]
[BlackElo "2634"]

1.d4 Nf6 2.c4 e6 3.Nc3 Bb4 4.e3 O-O 5.Bd3 d5 6.Nf3 c5 7.O-O dxc4 8.Bxc4 Nbd7
9.Qb3 Qe7 10.Bd2 b6 11.a3 Bxc3 12.Bxc3 Bb7 13.Rfd1 Rfd8 14.a4 Ne4 15.a5 Nxc3
16.bxc3 Bxf3 17.gxf3 cxd4 18.cxd4 Qg5+ 19.Kh1 Qh5 20.Kg2 Qg5+ 21.Kh1 bxa5
22.Qb5 Qh4 23.Kg2 Nb6 24.Rxa5 Rab8 25.Bb3 Nd5 26.Qd3 Qg5+ 27.Kh1 Qf6 28.Kg2 Qg5+
29.Kh1 Qf6 30.Kg2 Ne7 31.Bc2 Nf5 32.Kh1 g6 33.Rxa7 Rd5 34.Rb1 Rc8 35.Bb3 Rd6
36.Bd1 Rdc6 37.Rbb7 Nh6 38.Rb1 Qh4 39.Qe2 Qh3 40.Ra2 Nf5 41.f4 Nh4 42.f3 Rc1
43.Rxc1 Rxc1 44.Rd2 Nxf3 45.Rd3 Nxh2 46.Qg2 Qh5 47.Kg1 Ng4 48.Qb2 Qh4 49.Kf1 Qh1+  0-1

[Event "Open"]
[Site "Bastia FRA"]
[Date "2003.10.29"]
[Round "2"]
[White "Motylev,A"]
[Black "Sebag,M"]
[Result "1-0"]
[WhiteElo "2634"]
[BlackElo "2413"]

1.e4 e5 2.Nf3 Nc6 3.Bb5 a6 4.Ba4 Nf6 5.O-O b5 6.Bb3 Bc5 7.a4 Bb7 8.d3 O-O
9.Nc3 b4 10.Nd5 h6 11.Be3 d6 12.a5 Rb8 13.Bxc5 dxc5 14.c3 Re8 15.Ne3 Bc8
16.Bc4 g6 17.Nd2 Qd6 18.Qa4 Bd7 19.Qa2 Be6 20.Rfd1 Kg7 21.Ndf1 Rb5 22.Bxe6 Qxe6
23.Qxe6 Rxe6 24.Nc4 Ne8 25.Nfe3 Nd6 26.Nd5 Nxc4 27.dxc4 Rb7 28.Kf1 Rd6 29.Ke2 bxc3
30.bxc3 Rd7 31.g4 Rb8 32.Kd3 Rb2 33.Rd2 Rb7 34.Kc2 Rd8 35.Kc1 Rdb8 36.Rda2 Nd8
37.Kc2 Ne6 38.h4 Rb3 39.Nb6 R3xb6 40.axb6 Rxb6 41.Rxa6 Rb8 42.Rb1 Rd8 43.Rd1 Rxd1
44.Kxd1 Kf6 45.Kc2 h5 46.f3 g5 47.hxg5+ Kxg5 48.gxh5 Kxh5 49.Kd3 Kg5 50.Ke3 Kf6
51.Kf2 Ke7 52.Kg3 Nf4 53.Kg4 Ne6 54.Kf5 Nd8 55.Kxe5 Nb7 56.Kd5 Kd7 57.e5 Ke8
58.Ra1  1-0

[Event "Open"]
[Site "Bastia FRA"]
[Date "2003.10.30"]
[Round "4"]
[White "Motylev,A"]
[Black "Milov,V"]
[Result "1-0"]
[WhiteElo "2634"]
[BlackElo "2574"]

1.e4 e6 2.d4 d5 3.e5 c5 4.c3 Bd7 5.Nf3 Qb6 6.a3 cxd4 7.cxd4 Bb5 8.Bxb5+ Qxb5
9.Nc3 Qa6 10.Ne2 Nd7 11.O-O Ne7 12.Ng3 Nc6 13.Nh5 g6 14.Nf4 Be7 15.Be3 Qb6
16.b4 a5 17.Rb1 axb4 18.axb4 Qb5 19.Nd3 O-O 20.Nc5 Nb6 21.Bh6 Rfc8 22.Nxb7 Nc4
23.Nc5 Nxb4 24.Ng5 Rxc5 25.dxc5 Qxc5 26.Ra1 Rd8 27.Re1 Nc6 28.Nf3 Bf8 29.Qc1 Nd4
30.Nxd4 Qxd4 31.Qg5 Rc8 32.Bxf8 Rxf8 33.h4 h5 34.Rab1 Qc3 35.Qf4 Qa5 36.Qd4 Qc7
37.Ra1 Rb8 38.Ra7 Rb7 39.Rxb7 Qxb7 40.Ra1 Qb8 41.f4 Qb4 42.Kh2 Qb3 43.Ra8+ Kh7
44.Qa7 Kg7 45.Qe7  1-0

[Event "Open"]
[Site "Bastia FRA"]
[Date "2003.10.30"]
[Round "7"]
[White "Fridman,D2"]
[Black "Motylev,A"]
[Result "0-1"]
[WhiteElo "2592"]
[BlackElo "2634"]

1.d4 d5 2.Nf3 Nf6 3.c4 c6 4.e3 a6 5.Nc3 b5 6.cxd5 cxd5 7.Ne5 e6 8.Bd3 Be7
9.g4 Bb7 10.g5 Nfd7 11.Nxd7 Nxd7 12.f4 g6 13.Qf3 h6 14.h4 h5 15.O-O Nb6 16.a4 bxa4
17.Bd2 Qd7 18.Qd1 Bc6 19.b3 axb3 20.Qxb3 Nc4 21.Bxc4 dxc4 22.Qxc4 O-O 23.Kh2 a5
24.Rfd1 Rfb8 25.Be1 Rb2+ 26.Rd2 Rxd2+ 27.Bxd2 Bb4 28.Nb1 Rb8 29.Kg3 e5  0-1

[Event "Open"]
[Site "Bastia FRA"]
[Date "2003.10.31"]
[Round "8"]
[White "Motylev,A"]
[Black "Tiviakov,S"]
[Result "1/2-1/2"]
[WhiteElo "2634"]
[BlackElo "2601"]

1.e4 c5 2.Nf3 Nc6 3.d4 cxd4 4.Nxd4 g6 5.c4 Nf6 6.Nc3 d6 7.Be2 Nxd4 8.Qxd4 Bg7
9.Be3 O-O 10.Qd2 Be6 11.Rc1 Qa5 12.f3 Rfc8 13.b3 a6 14.Na4 Qxd2+ 15.Kxd2 Nd7
16.g4 f5 17.exf5 gxf5 18.h3 Rf8 19.f4 Rad8 20.g5 Nc5 21.Nxc5 dxc5+ 22.Ke1 Bd4
23.Kf2  1/2-1/2

[Event "Aeroflot Open"]
[Site "Moscow RUS"]
[Date "2004.02.17"]
[Round "1"]
[White "Motylev,A"]
[Black "Godena,M"]
[Result "0-1"]
[WhiteElo "2640"]
[BlackElo "2515"]

1.e4 e5 2.Nf3 Nc6 3.Bb5 a6 4.Ba4 Nf6 5.O-O b5 6.Bb3 Bc5 7.a4 Bb7 8.d3 b4
9.Nbd2 d6 10.Nc4 h6 11.c3 bxc3 12.bxc3 Ba7 13.Ne3 Bxe3 14.Bxe3 O-O 15.a5 Rb8
16.Bc4 Qd7 17.Qa4 d5 18.exd5 Nxd5 19.Bd2 Nf6 20.Rfb1 e4 21.dxe4 Nxe4 22.Be1 Nc5
23.Qa3 Qf5 24.Bd2 Ne5 25.Nxe5 Qxe5 26.Be3 Ne4 27.Bd4 Qg5 28.Rxb7 Rxb7 29.Bxa6 Rbb8
30.Bd3 Nd2 31.a6 Nf3+ 32.Kh1 Qf4 33.g3 Qg4 34.Be2 Qe4 35.Bxf3 Qxf3+ 36.Kg1 Qe4
37.Qc1 Rb5 38.a7 Ra8 39.Qf1 Qb7 40.c4 Rb4 41.Bc5 Rb3 42.Qd1 f6 43.h4 Rb2
44.Bd4 Rb4 45.Qe1 Kf7 46.Rc1 Ra4 47.Qd1 Qc6 48.Qh5+ Kg8 49.Rb1 Rxc4 50.Be3 Re4
51.Qf3 Rxa7 52.Rb8+ Kh7 53.Kh2 Rxh4+  0-1

[Event "Aeroflot Open"]
[Site "Moscow RUS"]
[Date "2004.02.20"]
[Round "4"]
[White "Guliev,S"]
[Black "Motylev,A"]
[Result "0-1"]
[WhiteElo "2537"]
[BlackElo "2640"]

1.d4 Nf6 2.c4 g6 3.b3 Bg7 4.Bb2 O-O 5.Nc3 d6 6.Nf3 a6 7.g3 Nc6 8.Bg2 Rb8
9.d5 Na5 10.O-O b5 11.cxb5 axb5 12.a3 e6 13.Nd4 Bd7 14.e4 e5 15.Nde2 c5 16.dxc6 Bxc6
17.Nd5 Nxd5 18.exd5 Bd7 19.Nc1 b4 20.axb4 Rxb4 21.Bc3 Rb5 22.b4 Nc4 23.Nb3 Qb6
24.Qe2 Rc8 25.Rfc1 Bh6 26.Rc2 Bf5 27.Be4 Ne3 28.Bxf5 Nxf5 29.Qd3 Ne7 30.Ra5 Rb8
31.Rxb5 Qxb5 32.Qxb5 Rxb5 33.Bxe5 dxe5 34.d6 Nf5 35.d7 Bg5 36.Rc8+ Kg7 37.h4 Bf6
38.d8=Q Bxd8 39.Rxd8 Rxb4 40.Rd3 Rc4 41.Kg2 e4 42.Rd2 h5 43.Rd5 Rb4 44.Nc1 Rb2
45.Kf1 Rb1 46.Rc5 Nd4 47.Rc3 Kf6 48.Ke1 Rb2 49.Kf1 Ke6 50.Rc4 Kd5 51.Rc7 f6
52.Rd7+ Kc5 53.Rc7+ Kd6 54.Rc8 Rd2 55.Rd8+ Ke7 56.Rd5 Ke6 57.Rd8 Ke5 58.Rc8 Kf5
59.Rc3 Rd1+ 60.Kg2 Re1 61.Nb3 Nf3 62.Rc1 Re2 63.Rc4 Ke5 64.Rc5+ Kd6 65.Rc4 g5
66.hxg5 fxg5 67.Nc5 Kd5 68.Rc1 Re1 69.Nb3 Rxc1 70.Nxc1 Kc4 71.Kf1 Nd4 72.Ke1 Kc3
73.Na2+ Kb2 74.Nb4 Nc2+ 75.Kd2 Nxb4 76.Ke3 Nd3 77.Kxe4 Nxf2+ 78.Kf5 g4  0-1

[Event "Aeroflot Open"]
[Site "Moscow RUS"]
[Date "2004.02.21"]
[Round "5"]
[White "Motylev,A"]
[Black "Kempinski,R"]
[Result "1-0"]
[WhiteElo "2640"]
[BlackElo "2577"]

1.e4 c5 2.Nf3 d6 3.d4 cxd4 4.Nxd4 Nf6 5.Nc3 a6 6.f3 Qb6 7.g4 e5 8.Nb3 Be6
9.Qd3 Nc6 10.Be3 Qc7 11.g5 d5 12.gxf6 d4 13.Bxd4 Nb4 14.Qe2 Bxb3 15.axb3 exd4
16.Nd5 Qc5 17.Nxb4 Qxb4+ 18.Qd2 gxf6 19.Ra4 Qxd2+ 20.Kxd2 Bc5 21.Rc4 Bb6
22.Bh3 Rg8 23.Kd3 a5 24.Bg4 Ke7 25.h4 h6 26.Ra1 Kd6 27.Rca4 Rab8 28.Rxa5 Bxa5
29.Rxa5 b5 30.Kxd4 Kc6 31.Ra7 Rgd8+ 32.Ke3 Rb7 33.Ra1 Kb6 34.Bh5 Rbd7 35.Rg1 b4
36.Rg7 Rc7 37.Rh7 Rxc2 38.Rxh6 Rd6 39.Bxf7 Kc7 40.Kf4 Rxb2 41.h5 Rh2 42.Kf5 Rh3
43.f4 Rh4 44.Be6 Rd3 45.Rh7+ Kc6 46.h6 Rf3 47.Kxf6 Rfxf4+ 48.Bf5 Rf3 49.Kg5 Rh2
50.Rh8 Rg3+ 51.Kf4 Rg1 52.h7 Rgh1 53.Ke5 Rh6 54.Rb8 R6h4 55.Rh8 R1h3 56.Kf6 Rg3
57.Be6 Rf4+ 58.Ke5 Rf8  1-0

[Event "TCh-RUS"]
[Site "Sochi RUS"]
[Date "2004.04.22"]
[Round "3"]
[White "Motylev,A"]
[Black "Odinokov,N"]
[Result "1-0"]
[WhiteElo "2649"]
[BlackElo "2325"]

1.e4 e5 2.Nf3 Nc6 3.Bb5 d6 4.d4 exd4 5.Nxd4 Bd7 6.Bxc6 bxc6 7.O-O Be7 8.Qf3 c5
9.Nf5 Bf6 10.Nc3 Ne7 11.Nxe7 Bxe7 12.Nd5 O-O 13.Bd2 Bc6 14.Bc3 Bxd5 15.exd5 Bf6
16.Bxf6 Qxf6 17.Qxf6 gxf6 18.Rfe1 Rfe8 19.Rxe8+ Rxe8 20.Kf1 Kf8 21.Rd1 Rb8
22.b3 Re8 23.f3 Re5 24.Kf2 f5 25.g3 f6 26.Rd3 Kf7 27.c3 Ke7 28.f4 Re4 29.Re3 Rxe3
30.Kxe3 h5 31.Kd3 Kd7 32.Kc4 Kc8 33.Kb5 Kb7 34.b4 a6+ 35.Ka4 Ka7 36.b5  1-0

[Event "57th ch-RUS Qualifier"]
[Site "Tomsk RUS"]
[Date "2004.05.24"]
[Round "2"]
[White "Kornev,Alexe"]
[Black "Motylev,A"]
[Result "1/2-1/2"]
[WhiteElo "2582"]
[BlackElo "2649"]

1.e4 e5 2.Nf3 Nf6 3.d4 Nxe4 4.Bd3 d5 5.Nxe5 Nd7 6.Nxd7 Bxd7 7.O-O Bd6 8.c4 c6
9.cxd5 cxd5 10.Nc3 Nxc3 11.bxc3 O-O 12.Qh5 g6 13.Qh6 Re8 14.Bg5  1/2-1/2

[Event "57th ch-RUS Qualifier"]
[Site "Tomsk RUS"]
[Date "2004.05.28"]
[Round "6"]
[White "Motylev,A"]
[Black "Inarkiev,E"]
[Result "1-0"]
[WhiteElo "2649"]
[BlackElo "2595"]

1.e4 g6 2.d4 Bg7 3.Nc3 d6 4.Bg5 c5 5.dxc5 Qa5 6.Qd2 Bxc3 7.Qxc3 Qxc3+ 8.bxc3 dxc5
9.a4 Bd7 10.Nf3 Bc6 11.Nd2 Nd7 12.Bb5 Rc8 13.Ke2 f5 14.Rhb1 b6 15.Bxc6 Rxc6
16.a5 h6 17.axb6 axb6 18.Ra8+ Kf7 19.Be3 Kg7 20.Rd1 Re6 21.exf5 gxf5 22.Kf1 h5
23.Nf3 Ngf6 24.Rxh8 Kxh8 25.Nh4 Ne4 26.Nxf5 Ne5 27.Re1 Nc4 28.f3 Ned6 29.Nxd6 Rxd6
30.Bf4 Rd7 31.Bg5 e5 32.Ra1 e4 33.Ra4 b5 34.Ra8+ Kg7 35.fxe4 Nd2+ 36.Bxd2 Rxd2
37.Rc8 c4 38.Rc5 Kg6 39.h4 Rxc2 40.Rg5+ Kf6 41.Rxh5 Rc1+ 42.Ke2 Rc2+ 43.Kd1 Rxc3
44.Rf5+ Ke6 45.Rf3 Rxf3 46.gxf3 Ke5 47.h5  1-0

[Event "57th ch-RUS Qualifier"]
[Site "Tomsk RUS"]
[Date "2004.05.30"]
[Round "8"]
[White "Khismatullin,D"]
[Black "Motylev,A"]
[Result "1/2-1/2"]
[WhiteElo "2537"]
[BlackElo "2649"]

1.c4 Nf6 2.Nc3 e5 3.Nf3 Nc6 4.e3 Bb4 5.Nd5 e4 6.Ng1 O-O 7.Ne2 Re8 8.Ng3 Bf8
9.d3 exd3 10.Bxd3 Nxd5 11.cxd5 Nb4 12.Bc4 b5 13.Bb3 c5 14.a3 c4 15.Bxc4 Qa5
16.Bd2 bxc4 17.Bxb4 Bxb4+ 18.axb4 Qxb4+ 19.Qd2 Rb8 20.Qxb4 Rxb4 21.O-O Bb7
22.e4 Rxb2 23.Rxa7 c3 24.f3 g6 25.Rc1 Rc8 26.Ra3 c2 27.Kf2 Rb1 28.Ne2 f5
29.Ra1 fxe4 30.fxe4 Rb4 31.Ra7 Rcc4 32.Ke1 Rxe4 33.Rxc2 Re8 34.Rd2 Rb5 35.Kf2 Rxd5
36.Rxd5  1/2-1/2

[Event "57th ch-RUS Qualifier"]
[Site "Tomsk RUS"]
[Date "2004.05.31"]
[Round "9"]
[White "Motylev,A"]
[Black "Rustemov,A"]
[Result "1-0"]
[WhiteElo "2649"]
[BlackElo "2593"]

1.e4 e6 2.d4 d5 3.e5 Bd7 4.c3 a6 5.Nd2 Bb5 6.Bxb5+ axb5 7.Ne2 Nd7 8.O-O h5
9.Nf4 g6 10.Nf3 Nb6 11.h4 Nh6 12.Nd3 Nf5 13.g3 Be7 14.Bg5 Ra7 15.Qc1 Kf8
16.Kg2 Kg7 17.Rh1 Nc4 18.Qf4 Ra8 19.a3 b6 20.Rae1 Rc8 21.g4 hxg4 22.Qxg4 Kf8
23.b3 Na5 24.Nf4 Rg8 25.Bf6 Nxb3 26.Ng5 Ke8 27.h5 gxh5 28.Qxh5 Kd7 29.Nxd5 exd5
30.Qxf7 Rxg5+ 31.Bxg5 Kc6 32.Bxe7 Nxe7 33.Rh7 Qg8+ 34.Rg7 Qxf7 35.Rxf7 Rg8+
36.Kf3 Ng6 37.Rh1 Nd2+ 38.Ke2 Ne4 39.Rhh7 Rc8 40.Rh6 Rg8 41.f3 Nxc3+ 42.Kd3 Nb1
43.Rf6+ Kb7 44.Rhxg6 Re8 45.Rg7 Nxa3 46.Rff7 Rc8 47.e6 Kc6 48.e7 Re8 49.Rf8 Kd7
50.Rxe8 Kxe8 51.f4  1-0

[Event "RUS-CHN"]
[Site "Moscow CHN"]
[Date "2004.08.10"]
[Round "1"]
[White "Bu Xiangzhi"]
[Black "Motylev,A"]
[Result "1/2-1/2"]
[WhiteElo "2620"]
[BlackElo "2658"]

1.d4 Nf6 2.c4 e6 3.Nc3 Bb4 4.Qc2 O-O 5.a3 Bxc3+ 6.Qxc3 b5 7.cxb5 c6 8.f3 Nd5
9.Qd3 cxb5 10.e4 Nb6 11.Nh3 f5 12.Bg5 Qe8 13.Bf4 d5 14.exf5 Nc6 15.Qe3 e5
16.Bxe5 Bxf5 17.Bxb5 Nxe5 18.Bxe8 Nd3+ 19.Qxd3 Bxd3 20.Bh5 g6 21.Bg4 Rae8+
22.Kd2 Re2+ 23.Kxd3 Rfe8 24.Kc3 a5 25.Rad1 Na4+ 26.Kb3 Nxb2 27.Nf4 R8e3+
28.Rd3 Nxd3 29.Nxe2 Nf2+ 30.Ka4 Nxh1 31.Nf4 Nf2 32.Be6+ Kg7 33.Bxd5 Nd1 34.Kxa5 Rxa3+
35.Kb4 Ra1 36.Bb3 Ne3 37.d5 Nf5 38.Ne6+ Kf6 39.g4 Nd6 40.Kc5 Ke7 41.Nd4 Rc1+
42.Bc2 g5 43.Kc6 h6 44.h3 Ra1 45.Kc7 Ra7+ 46.Kb6 Ra3 47.Nc6+ Kd7 48.Ne5+ Ke7
49.Nc6+ Kd7 50.Ne5+ Ke7  1/2-1/2

[Event "RUS-CHN"]
[Site "Moscow CHN"]
[Date "2004.08.11"]
[Round "2"]
[White "Motylev,A"]
[Black "Ye Jiangchuan"]
[Result "1/2-1/2"]
[WhiteElo "2658"]
[BlackElo "2681"]

1.e4 c5 2.Nf3 d6 3.d4 cxd4 4.Nxd4 Nf6 5.Nc3 g6 6.Be3 Bg7 7.f3 Nc6 8.Qd2 O-O
9.g4 Be6 10.O-O-O Nxd4 11.Bxd4 Qa5 12.a3 Rfc8 13.h4 Rab8 14.Ne2 Qa4 15.Nc3 Qa5
16.Ne2  1/2-1/2

[Event "RUS-CHN"]
[Site "Moscow CHN"]
[Date "2004.08.15"]
[Round "5"]
[White "Ni Hua"]
[Black "Motylev,A"]
[Result "1/2-1/2"]
[WhiteElo "2583"]
[BlackElo "2658"]

1.e4 e5 2.Nf3 Nf6 3.Nxe5 d6 4.Nf3 Nxe4 5.d4 d5 6.Bd3 Bd6 7.O-O O-O 8.Re1 Bf5
9.c4 c6 10.cxd5 cxd5 11.Nc3 Nxc3 12.bxc3 Bxd3 13.Qxd3 Re8 14.Bg5 Rxe1+ 15.Rxe1 Qd7
16.c4  1/2-1/2

[Event "Aiacciu Masters"]
[Site "Ajaccio FRA"]
[Date "2004.10.25"]
[Round "1.1"]
[White "Motylev,A"]
[Black "Klimova,M"]
[Result "1-0"]
[WhiteElo "2651"]
[BlackElo "1927"]

1.e4 d6 2.d4 Nf6 3.Nc3 g6 4.Bg5 Bg7 5.Qd2 c6 6.O-O-O O-O 7.f3 b5 8.Kb1 b4
9.Nce2 a5 10.h4 h5 11.Bh6 Nbd7 12.g4 e5 13.Ng3 exd4 14.Bxg7 Kxg7 15.Qxd4 hxg4
16.Qxd6 Qb6 17.h5 Qc5 18.hxg6 fxg6 19.Qf4 Nh5 20.Qxg4 Nxg3 21.Qxg3 Nf6 22.Ne2 Nh5
23.Qg2 Be6 24.Nd4 Rae8 25.Nf5+ Bxf5 26.Rxh5 Rh8 27.Rxh8 Qd5 28.exd5 Be6 29.Rf8 Bg8
30.a3 bxa3 31.dxc6 axb2 32.c7  1-0

[Event "Aiacciu Masters"]
[Site "Ajaccio FRA"]
[Date "2004.10.25"]
[Round "2.1"]
[White "Motylev,A"]
[Black "Drazic,S"]
[Result "1-0"]
[WhiteElo "2651"]
[BlackElo "2495"]

1.e4 Nf6 2.e5 Nd5 3.d4 d6 4.exd6 exd6 5.c4 Nf6 6.Nf3 Be7 7.Bd3 Bg4 8.h3 Bh5
9.Be3 c6 10.Nbd2 Nbd7 11.Qb3 Qb6 12.O-O-O Bg6 13.Rhe1 O-O 14.Bxg6 hxg6 15.Bf4 Rfe8
16.Re3 Bf8 17.Rde1 Rxe3 18.Rxe3 Qa6 19.Qa3 Qb6 20.Bxd6 Bxd6 21.Qxd6 Rd8 22.Rb3 Qa6
23.Qc7 Re8 24.Rxb7 c5 25.d5 Ra8 26.Qc6 Nb6 27.Kb1 Re8 28.Qc7 Ra8 29.b3 Rf8
30.Rxa7  1-0

[Event "Corsica Masters"]
[Site "Bastia FRA"]
[Date "2004.10.29"]
[Round "2"]
[White "Motylev,A"]
[Black "Orndahl,Mat"]
[Result "1-0"]
[WhiteElo "2651"]
[BlackElo "2190"]

1.e4 e6 2.d4 d5 3.e5 c5 4.c3 Qb6 5.Nf3 Nc6 6.a3 Nh6 7.b4 cxd4 8.cxd4 Nf5
9.Bb2 Bd7 10.g4 Nh6 11.Rg1 f6 12.exf6 gxf6 13.Nc3 Nf7 14.Rc1 Na5 15.Na4 Bxa4
16.Qxa4+ Nc6 17.g5 Nxg5 18.Nxg5 fxg5 19.Bh3 Ke7 20.b5 Qa5+ 21.Qxa5 Nxa5 22.Rc7+ Kd6
23.Rf7 Nc4 24.Bc3 a5 25.Rxg5 Bh6 26.Rh5 Bc1 27.Rxb7 h6 28.a4 Rhg8 29.Ke2 Raf8
30.Ra7 Rf4 31.Ra6+ Kc7 32.Rxe6 Kb7 33.Rxd5  1-0

[Event "Corsica Masters"]
[Site "Bastia FRA"]
[Date "2004.10.29"]
[Round "3"]
[White "Galdunts,S"]
[Black "Motylev,A"]
[Result "1/2-1/2"]
[WhiteElo "2489"]
[BlackElo "2651"]

1.e4 c5 2.Nf3 Nc6 3.Bb5 g6 4.Bxc6 dxc6 5.d3 Bg7 6.h3 Nf6 7.Nc3 Nd7 8.O-O e5
9.Be3 Qe7 10.Qd2 Nf8 11.Bh6 Bxh6 12.Qxh6 f6 13.Nh4 Be6 14.f4 exf4 15.Rae1 c4
16.d4 O-O-O 17.d5 cxd5 18.exd5 Qc5+ 19.Kh1 Bxd5 20.Nxd5 Qxd5 21.Qxf4 Nd7
22.Rd1 Qc5 23.Rd4 g5 24.Qf2 gxh4 25.Rxd7 Qxf2 26.Rxd8+ Rxd8 27.Rxf2 b5 28.a4 c3
29.bxc3 bxa4 30.Rxf6 Kb7 31.Rf4 a3 32.Rb4+ Kc6 33.Ra4 Ra8 34.Rxh4 Kb5 35.Rb4+ Ka5
36.Rb3 Ka4 37.Rb4+ Ka5 38.Rb3 Ka4 39.Rb4+  1/2-1/2

[Event "Corsica Masters KO"]
[Site "Bastia FRA"]
[Date "2004.11.02"]
[Round "2.2"]
[White "Shirov,A"]
[Black "Motylev,A"]
[Result "1-0"]
[WhiteElo "2726"]
[BlackElo "2651"]

1.d4 d5 2.c4 c6 3.Nc3 Nf6 4.Nf3 dxc4 5.a4 Bf5 6.Ne5 Nbd7 7.Nxc4 Nb6 8.e3 Nxc4
9.Bxc4 e6 10.f3 Bg6 11.e4 a5 12.O-O Qb6 13.Qe2 Qxd4+ 14.Be3 Qd8 15.Rad1 Qb8
16.g4 Bb4 17.g5 Nh5 18.f4 O-O 19.f5 Ng3 20.hxg3 Qxg3+ 21.Kh1 Bxc3 22.fxg6 Be5
23.gxf7+ Kh8 24.Rf3 Qh4+ 25.Kg1 Qxe4 26.Bd3 Qh4 27.Qg2 Rad8 28.Rh3 Rxd3 29.Rxh4 Rxd1+
30.Kf2 Rxf7+ 31.Ke2 Rfd7 32.Qe4  1-0

[Event "Corsica Masters KO"]
[Site "Bastia FRA"]
[Date "2004.11.02"]
[Round "2.1"]
[White "Motylev,A"]
[Black "Shirov,A"]
[Result "1-0"]
[WhiteElo "2651"]
[BlackElo "2726"]

1.e4 e5 2.Nf3 Nc6 3.Nc3 Nf6 4.Bb5 Nd4 5.Bc4 Bc5 6.Nxe5 Qe7 7.Nf3 d5 8.Bxd5 Bg4
9.d3 c6 10.Bb3 Nd7 11.Be3 Ne5 12.Nxd4 Bxd1 13.Nf5 Qf8 14.Bxc5 Qxc5 15.d4 Qb4
16.Rxd1 Ng6 17.Nxg7+ Kf8 18.Nf5 a5 19.a3 Qb6 20.O-O Rd8 21.e5 Rg8 22.f4 Ne7
23.Nd6 Nc8 24.Nxf7 Rxd4 25.Kh1 a4 26.Nxa4 Rxd1 27.Rxd1 Qf2 28.Ng5 Rg6 29.Nxh7+ Ke7
30.Ng5 Qxf4 31.Nf3 Qe3 32.Nc3 Qf2 33.Rg1 Nb6 34.Ne4 Qe2 35.Ng3 Qf2 36.Rf1 Qc5
37.e6 Nd5 38.Nd4 Rf6 39.Ngf5+ Ke8 40.Ng7+ Kf8 41.Rxf6+ Nxf6 42.e7+ Qxe7 43.Nde6+ Kg8
44.Nf5 Qc5 45.Ned4+  1-0

[Event "Corsica Masters KO"]
[Site "Bastia FRA"]
[Date "2004.11.02"]
[Round "2.4"]
[White "Motylev,A"]
[Black "Shirov,A"]
[Result "1/2-1/2"]
[WhiteElo "2651"]
[BlackElo "2726"]

1.e4 c5 2.Nf3 Nc6 3.d4 cxd4 4.Nxd4 e5 5.Nb5 d6 6.N1c3 a6 7.Na3 b5 8.Nd5 Nf6
9.Bg5 Be7 10.Nxe7 Nxe7 11.Bxf6 gxf6 12.c4 Bb7 13.Bd3 Rg8 14.Rg1 bxc4 15.Nxc4 d5
16.exd5 Qxd5 17.Qa4+ Kf8 18.O-O-O Rg4 19.Be2 Rd4 20.Qb4 a5 21.Qc3 Nf5 22.b3 a4
23.Nb6 Qe4 24.Bf3 Qf4+ 25.Kb2 a3+ 26.Ka1 Ra7 27.Bxb7 Rxb7 28.g3 Rxd1+ 29.Rxd1 Qxf2
30.Nc4 Nd4 31.Nxa3 Ra7 32.Rd2 Qe1+ 33.Kb2 Rxa3 34.Qb4+ Kg7 35.Kxa3 Qc1+ 36.Ka4 Qc6+
37.Ka3 Qc1+ 38.Ka4 Qc6+  1/2-1/2

[Event "Corsica Masters KO"]
[Site "Bastia FRA"]
[Date "2004.11.02"]
[Round "2.3"]
[White "Shirov,A"]
[Black "Motylev,A"]
[Result "0-1"]
[WhiteElo "2726"]
[BlackElo "2651"]

1.d4 Nf6 2.c4 g6 3.Nc3 Bg7 4.e4 d6 5.Be2 O-O 6.Nf3 e5 7.O-O Na6 8.Re1 Qe8
9.d5 Nc5 10.Nd2 a5 11.b3 Bh6 12.Bf1 Qe7 13.a3 Bd7 14.Rb1 Nh5 15.Qc2 f5 16.b4 axb4
17.axb4 Bxd2 18.Bxd2 Nxe4 19.Nxe4 fxe4 20.c5 Nf4 21.c6 bxc6 22.dxc6 Be6 23.b5 Bf5
24.Be3 Nd3 25.Red1 d5 26.f3 Nf4 27.g4 Be6 28.Bc5 Qg5 29.Bxf8 Rxf8 30.b6 cxb6
31.c7 exf3 32.Rxb6 Qxg4+ 33.Kh1 Ne2 34.Qc5 d4 35.Qxf8+ Kxf8  0-1

[Event "Russian Blitz Internet Cup Superfinal"]
[Site "chessassistantclub.com INT"]
[Date "2004.12.28"]
[Round "1"]
[White "Kosyrev,V"]
[Black "Motylev,A"]
[Result "1-0"]
[WhiteElo "2539"]
[BlackElo "2651"]

1.d4 Nf6 2.c4 g6 3.Nc3 Bg7 4.e4 d6 5.Nf3 O-O 6.h3 Na6 7.Bg5 e5 8.d5 h6 9.Be3 Nc5
10.Nd2 a5 11.g4 Nh7 12.Rg1 Kh8 13.Nb3 b6 14.Nxc5 bxc5 15.Bd3 Nf6 16.Be2 Ng8
17.Bd3 Bf6 18.Qd2 Bg5 19.Bxg5 Qxg5 20.Qxg5 hxg5 21.O-O-O Bd7 22.Bc2 a4 23.a3 Rfb8
24.Kb1 Kg7 25.Ka2 Ne7 26.Rb1 Nc8 27.b4 axb3+ 28.Rxb3 Nb6 29.Bd3 Ra5 30.Rgb1 Rba8
31.f3 Ba4 32.Nxa4 Rxa4 33.Rc3 Rh8 34.Bf1 Kf6 35.Rb5 Rha8 36.Kb2 Ke7 37.Ka2 R4a6
38.Rcb3 Kd7 39.Rc3 Kc8 40.Rcb3 Kd7 41.Rc3 c6 42.Rb1 Kc7 43.Rd1 cxd5 44.cxd5 Ra4
45.Rb1 Rd4 46.Rcb3 Rd2+ 47.R1b2 Rxb2+ 48.Kxb2 Ra4 49.Bb5 Rd4 50.Rd3 c4 51.Rc3 f5
52.gxf5 gxf5 53.exf5 Nxd5 54.Rxc4+ Rxc4 55.Bxc4 Nf6 56.Kc3 Kb6 57.Kb4 d5
58.Bd3 e4 59.fxe4 dxe4 60.Be2 e3 61.Kc4 Nh5 62.Kd4 Nf4 63.Kxe3 Kc5 64.Bg4 Nd5+
65.Ke4  1-0

[Event "Russian Blitz Internet Cup Superfinal"]
[Site "chessassistantclub.com INT"]
[Date "2004.12.28"]
[Round "2"]
[White "Motylev,A"]
[Black "Van Wely,L"]
[Result "1/2-1/2"]
[WhiteElo "2651"]
[BlackElo "2681"]

1.e4 e6 2.d4 d5 3.e5 c5 4.c3 Nc6 5.Nf3 Bd7 6.Be2 Nge7 7.Na3 cxd4 8.cxd4 Nf5
9.Nc2 Nb4 10.O-O Rc8 11.Nxb4 Bxb4 12.Bd3 Qb6 13.Bxf5 exf5 14.Bd2 Be7 15.Bg5 Bf8
16.Rc1 Rxc1 17.Bxc1 h6 18.b3 Be7 19.Qd2 O-O 20.Bb2 Rc8 21.Rc1 Rxc1+ 22.Qxc1 Qa5
23.a4 Qb4 24.Qc2 g5 25.h3 Kg7 26.Bc3 Qb6 27.Ne1 f4 28.Bb2 Qc6 29.Qxc6 Bxc6
30.Bc3 Bd7 31.Kf1 Bf5 32.f3 f6 33.Ke2 Kf7 34.Nd3 b6 35.exf6 Bxf6 36.Kd2 Ke6
37.Ne5 Bxe5 38.dxe5 a6 39.Bd4 b5 40.axb5 axb5 41.b4  1/2-1/2

[Event "Russian Blitz Internet Cup Superfinal"]
[Site "chessassistantclub.com INT"]
[Date "2004.12.28"]
[Round "4"]
[White "Motylev,A"]
[Black "Ovetchkin,R"]
[Result "1-0"]
[WhiteElo "2651"]
[BlackElo "2473"]

1.e4 e6 2.d4 d5 3.Nc3 Bb4 4.e5 c5 5.a3 Ba5 6.b4 cxd4 7.Nb5 Bc7 8.f4 Ne7 9.Nf3 Bd7
10.Nxc7+ Qxc7 11.Bd3 a6 12.O-O Bb5 13.Nxd4 Bxd3 14.cxd3 Nbc6 15.Be3 O-O 16.Rc1 Qb6
17.Nf5 d4 18.Nxe7+ Nxe7 19.Bf2 Nd5 20.Qf3 a5 21.Rc4 axb4 22.Bxd4 Qb5 23.axb4 b6
24.f5 exf5 25.Qxf5 Rae8 26.Qe4 Qd7 27.h3 h6 28.Qf5 Re6 29.Kh2 b5 30.Rcc1 Rfe8
31.Bc5 g6 32.Qg4 h5 33.Qg3 Rxe5 34.Rce1 Rxe1 35.Rxe1 Rxe1 36.Qxe1 Nf4 37.Qe4 Ne6
38.d4 Nc7 39.Qb7 Qd8 40.Qc6 Nd5 41.Qxb5 Qc8 42.Kh1 Qf5 43.Qe8+ Kh7 44.Qe5 Qf1+
45.Kh2 Nf4 46.Qe4 Ne2 47.d5 Nc3 48.Qd4 Ne2 49.Qf2 Qxf2 50.Bxf2 Kg7 51.b5 Nf4
52.b6 Nxd5 53.b7 Nc7 54.b8=Q Ne6 55.Qe5+ Kh7 56.Be1 g5 57.Bc3 h4 58.Qf6 Kg8
59.Qh8+  1-0